000 00801cam a2200301 4500
008 090401t1997 xxu||||| |||| 00| 0 eng d
020 _a1900168391
035 _a(Sirsi) u81437
041 _aeng
050 _a690.241
100 _aYoung, Maureen
245 _aStonecleaning of granite buildings
260 _aEdinburgh
_bHistoric Scotland
_c1997
300 _avii, 40p. ; 30cm.
350 _a15
490 _aTechnical Advice Note
_v9
650 _aGRANITE
650 _aHISTORIC BUILDINGS
650 _aHISTORIC SCOTLAND
650 _aSCOTLAND
650 _aSTONE CLEANING
690 _aBUILDING AND CONSTRUCTION-REPAIRS AND MAINTENANCE
700 _aCameron, Sonja
700 _aUrquhart, Dennis
710 _aHistoric Scotland
_92914
942 _n0
948 _c15/10/1997
999 _c96715
_d96715